00355nam a2200157Ia 4500003000400000005001700004008004100021040000700062041000800069082001900077100001100096245005100107260001700158365000800175650001400183OSt20230525110522.0210423s1985 xx 000 0 und d cAL aeng a370 223bUNEE aUNESCO aEducation for development challenges: dilemmas bUNESCOc1985 cINR aEducation